| 000 | 00489nam a2200157 4500 | ||
|---|---|---|---|
| 001 | 127417 | ||
| 003 | ES-MaACL | ||
| 005 | 20230906193019.0 | ||
| 007 | t| | ||
| 008 | 070214s1944 sp r ||||1| spa d | ||
| 100 | 1 |
_aRiera Adoher, Antonio. _997115 |
|
| 245 | 1 | 3 |
_aEl perro y el gato _b: razas, reproducción, enfermedades, higiene / _cAntonio Riera Adoher. |
| 260 |
_aBarcelona : _bAmeller, _c1944. |
||
| 300 |
_a183 p., 8 lám. : _bil. ; _c22 cm. |
||
| 852 |
_aES-MaACL _jF-5188 _bR.26760 |
||
| 999 |
_c127417 _d127417 |
||